[Event "AUT-chT2S 9900"]
[Site "Austria"]
[Date "1999.11.21"]
[Round "4.2"]
[White "Mocchi, Tullio"]
[Black "Raffalt, Manfred"]
[Result "1/2-1/2"]
[WhiteElo "2390"]
[BlackElo "2206"]
[Annotator "Gabriele Ballarin"]
[PlyCount "104"]
[EventDate "1999.10.??"]
[EventType "team"]
[EventRounds "11"]
[EventCountry "AUT"]
[SourceTitle "EXT 2002"]
[Source "ChessBase"]
[SourceDate "2001.11.25"]
[SourceVersion "1"]
[SourceVersionDate "2001.11.25"]
[SourceQuality "1"]

1. e4 e6 2. d4 d5 3. Nd2 c5 4. exd5 exd5 5. Bb5+ Nc6 6. Qe2+ Be7 7. dxc5 Nf6 8. Ngf3 O-O 9. O-O Bxc5 10. Nb3 Re8 11. Qd3 Be7 12. Be3 a6 13. Bxc6 bxc6 14. Bc5 Bxc5 15. Nxc5 Qb6 16. Qc3 Ne4 17. Nxe4 Rxe4 18. Rae1 Bf5 19. Rxe4 Bxe4 20. Nd2 Bg6 21. Nb3 Rb8 22. Rb1 h6 23. Nc5 Re8 24. b4 Re2 25. Rc1 Qd8 26. Kf1 d4 27. Qc4 Qg5 28. Kxe2 Qxc1 29. Qxd4 Qxc2+ 30. Qd2 Qc4+ 31. Ke1 a5 32. a3 axb4 33. axb4 Kh7 34. h3 Qb5 35. Qd4 Qb8 36. f4 Qe8+ 37. Kf2 Bb1 38. Qd7 Qxd7 39. Nxd7 Be4 40. g4 f6 41. h4 Kg6 42. Ke3 Bg2 43. f5+ Kf7 44. Nc5 Bd5 45. Ne4 Ke7 46. Nc3 Kd6 47. Kf4 Bg2 48. Nd1 Bh1 49. Ne3 Bd5 50. g5 hxg5+ 51. hxg5 fxg5+ 52. Kxg5 Ke5 1/2-1/2

[Event "AUT-chT2S 9900"]
[Site "Austria"]
[Date "1999.11.21"]
[Round "4.3"]
[White "Aschenbrenner, Robert"]
[Black "Brod, Manfred"]
[Result "0-1"]
[WhiteElo "2160"]
[BlackElo "2223"]
[Annotator "Gabriele Ballarin"]
[PlyCount "130"]
[EventDate "1999.10.??"]
[EventType "team"]
[EventRounds "11"]
[EventCountry "AUT"]
[SourceTitle "EXT 2002"]
[Source "ChessBase"]
[SourceDate "2001.11.25"]
[SourceVersion "1"]
[SourceVersionDate "2001.11.25"]
[SourceQuality "1"]

1. e4 c5 2. Nf3 e6 3. c3 d5 4. e5 Qb6 5. d4 Bd7 6. Be2 Bb5 7. O-O Bxe2 8. Qxe2 Qa6 9. Qc2 Nd7 10. dxc5 Bxc5 11. b4 Bf8 12. a4 Rc8 13. b5 Qb6 14. Ba3 Bc5 15. Nbd2 Bxa3 16. Rxa3 Qc5 17. Qb2 Ne7 18. c4 O-O 19. cxd5 Qxd5 20. Re1 Nc5 21. Qd4 Rfd8 22. Qh4 Ng6 23. Qg3 Nd3 24. Rf1 Ndxe5 25. Re3 Nc4 26. Nxc4 Rxc4 27. Ne5 Rxa4 28. Nxg6 hxg6 29. Qc7 Rc4 30. Qa5 a6 31. Re5 Qxe5 32. Qxd8+ Kh7 33. bxa6 bxa6 34. Qd3 Qc5 35. Qh3+ Kg8 36. Qf3 a5 37. Qd1 g5 38. Qd8+ Kh7 39. Qd3+ g6 40. Qd7 Kg7 41. Qd1 Rc2 42. Qa1+ e5 43. h3 f6 44. Qd1 Qc6 45. Qd8 Qc7 46. Qd1 a4 47. Qa1 Qa7 48. Qa3 e4 49. Qb4 f5 50. Qd6 a3 51. Qe5+ Kh7 52. g4 Qc5 53. Qe8 e3 54. gxf5 exf2+ 55. Kg2 Qd5+ 56. Kh2 Qxf5 57. Qe7+ Kh6 58. Qxa3 Qf4+ 59. Qg3 Kh5 60. Kg2 Qe4+ 61. Kh2 Qf5 62. Kg2 g4 63. Rxf2 gxh3+ 64. Qxh3+ Qxh3+ 65. Kxh3 Rxf2 0-1

[Event "AUT-chT2S 9900"]
[Site "Austria"]
[Date "1999.11.21"]
[Round "4.3"]
[White "Bachler, Reinhard"]
[Black "Pesorda, Ivan"]
[Result "1-0"]
[WhiteElo "2220"]
[BlackElo "2180"]
[Annotator "Gabriele Ballarin"]
[PlyCount "87"]
[EventDate "1999.10.??"]
[EventType "team"]
[EventRounds "11"]
[EventCountry "AUT"]
[SourceTitle "EXT 2002"]
[Source "ChessBase"]
[SourceDate "2001.11.25"]
[SourceVersion "1"]
[SourceVersionDate "2001.11.25"]
[SourceQuality "1"]

1. f4 d5 2. Nf3 Nf6 3. g3 Bg4 4. Bg2 Nbd7 5. c4 c6 6. Ne5 Bf5 7. cxd5 cxd5 8. Nc3 e6 9. Nxd7 Qxd7 10. d3 d4 11. Ne4 Bb4+ 12. Kf1 Nd5 13. a3 Be7 14. Kf2 O-O 15. Bf3 Qb5 16. Nd2 a5 17. Qb3 Qd7 18. a4 Rad8 19. Qb5 Bb4 20. Nb3 b6 21. Qxd7 Rxd7 22. Bd2 f6 23. Rac1 e5 24. Rc6 exf4 25. Bxd5+ Rxd5 26. Bxb4 fxg3+ 27. hxg3 axb4 28. Rxb6 Bg4 29. Rxb4 Rfd8 30. Rc1 Be6 31. Rc5 R5d7 32. a5 Bxb3 33. Rxb3 Ra8 34. Rcb5 Kf7 35. Rb7 Ke6 36. Rxd7 Kxd7 37. Rb7+ Kd6 38. b4 g5 39. g4 f5 40. Rb6+ Ke5 41. Kf3 fxg4+ 42. Kxg4 h6 43. Rxh6 Rb8 44. Rb6 1-0

[Event "AUT-chT2S 9900"]
[Site "Austria"]
[Date "1999.11.21"]
[Round "4.3"]
[White "Kleeschaetzky, Rainer"]
[Black "Dohr, Alexander"]
[Result "1-0"]
[WhiteElo "2325"]
[BlackElo "2193"]
[Annotator "Gabriele Ballarin"]
[PlyCount "81"]
[EventDate "1999.10.??"]
[EventType "team"]
[EventRounds "11"]
[EventCountry "AUT"]
[SourceTitle "EXT 2002"]
[Source "ChessBase"]
[SourceDate "2001.11.25"]
[SourceVersion "1"]
[SourceVersionDate "2001.11.25"]
[SourceQuality "1"]

1. e4 c6 2. d4 d5 3. e5 Bf5 4. h4 h5 5. c4 e6 6. Nc3 Nd7 7. cxd5 cxd5 8. Bg5 Qb6 9. Qd2 a6 10. Nge2 Ne7 11. Ng3 Bg6 12. Be2 Nc6 13. Rd1 Rc8 14. O-O Na5 15. Rc1 Nc6 16. Rfd1 f6 17. exf6 gxf6 18. Bf4 Kf7 19. a3 Qb3 20. Re1 Qb6 21. Na4 Qa7 22. Bf3 Re8 23. Be3 Bd6 24. Ne2 Rc8 25. b4 Nb6 26. Nc5 Qb8 27. Nf4 Nd8 28. Nxg6 Kxg6 29. Qd3+ Kf7 30. Qe2 Kg6 31. Bd2 Bxc5 32. bxc5 Nc4 33. Rc3 Nxd2 34. Qxd2 Kf7 35. Qe2 Qf4 36. Bxd5 Qg4 37. Bf3 Qxd4 38. Rd3 Qxc5 39. Rd7+ Kg6 40. Qd3+ f5 41. Qd2 1-0

[Event "AUT-chT2S 9900"]
[Site "Austria"]
[Date "1999.11.21"]
[Round "4.3"]
[White "Pilaj, Herwig"]
[Black "Lendwai, Reinhard"]
[Result "1/2-1/2"]
[WhiteElo "2197"]
[BlackElo "2371"]
[Annotator "Gabriele Ballarin"]
[PlyCount "28"]
[EventDate "1999.10.??"]
[EventType "team"]
[EventRounds "11"]
[EventCountry "AUT"]
[SourceTitle "EXT 2002"]
[Source "ChessBase"]
[SourceDate "2001.11.25"]
[SourceVersion "1"]
[SourceVersionDate "2001.11.25"]
[SourceQuality "1"]

1. e4 c6 2. d4 d5 3. Nd2 g6 4. e5 h5 5. Ne2 Bf5 6. Nf4 e6 7. Be2 c5 8. Nf3 Nc6 9. dxc5 Bxc5 10. Nd3 Be7 11. c3 Nh6 12. O-O Qc7 13. Nd4 Bxd3 14. Bxd3 Nf5 1/2-1/2

[Event "AUT-chT2S 9900"]
[Site "Austria"]
[Date "1999.11.21"]
[Round "4.3"]
[White "Rudolph, Johannes"]
[Black "Kuba, Guenter"]
[Result "1/2-1/2"]
[WhiteElo "2237"]
[BlackElo "2238"]
[Annotator "Gabriele Ballarin"]
[PlyCount "50"]
[EventDate "1999.10.??"]
[EventType "team"]
[EventRounds "11"]
[EventCountry "AUT"]
[SourceTitle "EXT 2002"]
[Source "ChessBase"]
[SourceDate "2001.11.25"]
[SourceVersion "1"]
[SourceVersionDate "2001.11.25"]
[SourceQuality "1"]

1. d4 d5 2. c4 e6 3. Nc3 Nf6 4. cxd5 exd5 5. Bg5 Be7 6. e3 Nbd7 7. Qc2 h6 8. Bh4 O-O 9. Nf3 b6 10. Rd1 Bb7 11. Qa4 a6 12. Ne5 Nxe5 13. dxe5 Nd7 14. Bg3 c6 15. Be2 f6 16. exf6 Bxf6 17. O-O a5 18. Qg4 Qe7 19. Bf4 Ba6 20. Bxa6 Rxa6 21. Bxh6 Ne5 22. Qe2 Nc4 23. Nxd5 cxd5 24. b3 b5 25. bxc4 gxh6 1/2-1/2

[Event "AUT-chT2S 9900"]
[Site "Austria"]
[Date "1999.11.21"]
[Round "4.4"]
[White "Deutsch, Ludwig"]
[Black "Schein, Karl Heinz"]
[Result "0-1"]
[WhiteElo "2173"]
[BlackElo "2229"]
[Annotator "Gabriele Ballarin"]
[PlyCount "120"]
[EventDate "1999.10.??"]
[EventType "team"]
[EventRounds "11"]
[EventCountry "AUT"]
[SourceTitle "EXT 2002"]
[Source "ChessBase"]
[SourceDate "2001.11.25"]
[SourceVersion "1"]
[SourceVersionDate "2001.11.25"]
[SourceQuality "1"]

1. d4 Nf6 2. Nf3 e6 3. Nbd2 b6 4. e4 Bb7 5. Bd3 d6 6. Qe2 Nbd7 7. c3 Be7 8. Nf1 c5 9. Ng3 O-O 10. O-O a6 11. Rd1 b5 12. a3 Rc8 13. h3 Qb6 14. Be3 Bc6 15. Rac1 Qb7 16. Bd2 Nb6 17. Rb1 Nc4 18. Bc1 Nb6 19. dxc5 dxc5 20. Ne5 Be8 21. f4 Nbd7 22. Nxd7 Bxd7 23. e5 Nd5 24. f5 c4 25. Bc2 Bc5+ 26. Kh1 Bc6 27. Qg4 f6 28. fxe6 fxe5 29. Ne4 Nf6 30. Nxc5 Nxg4 31. Nxb7 Nf2+ 32. Kg1 Nxd1 33. e7 Rf2 34. Nd6 Rxg2+ 35. Kf1 Rxc2 36. Nxc8 Kf7 37. Bg5 Nxb2 38. Nd6+ Ke6 39. e8=Q+ Bxe8 40. Nxe8 Kf5 41. Bh4 g5 42. Bg3 Ke4 43. Nf6+ Kf5 44. Ng4 Rxc3 45. Kg2 Nd3 46. Rf1+ Nf4+ 47. Bxf4 gxf4 48. Rd1 h5 49. Nh6+ Ke4 50. Nf7 Rxa3 51. Nd6+ Ke3 52. Re1+ Kd4 53. Nf5+ Kd5 54. Ne7+ Kc5 55. Rxe5+ Kd6 56. Re1 c3 57. Nf5+ Kc5 58. Re5+ Kc4 59. Re4+ Kd5 60. Re8 b4 0-1

[Event "AUT-chT2S 9900"]
[Site "Austria"]
[Date "1999.11.21"]
[Round "4.4"]
[White "Insam, Heinz"]
[Black "Spirk, Stefan"]
[Result "1-0"]
[WhiteElo "2260"]
[BlackElo "2251"]
[Annotator "Gabriele Ballarin"]
[PlyCount "80"]
[EventDate "1999.10.??"]
[EventType "team"]
[EventRounds "11"]
[EventCountry "AUT"]
[SourceTitle "EXT 2002"]
[Source "ChessBase"]
[SourceDate "2001.11.25"]
[SourceVersion "1"]
[SourceVersionDate "2001.11.25"]
[SourceQuality "1"]

1. d4 Nf6 2. Bg5 e6 3. Nd2 c5 4. e3 Nc6 5. c3 d5 6. f4 Be7 7. Bd3 c4 8. Bc2 b5 9. e4 Nxe4 10. Nxe4 dxe4 11. Bxe4 Bb7 12. Qf3 Rc8 13. Bxe7 Qxe7 14. Nh3 h6 15. O-O Nd8 16. Rae1 Bxe4 17. Rxe4 O-O 18. f5 Qf6 19. Qh5 exf5 20. Rxf5 Qc6 21. d5 Qb6+ 22. Kh1 g6 23. Qg4 Kh7 24. Rf1 f5 25. Re7+ Rf7 26. Qh4 Kg7 27. Rfe1 Qf6 28. Qxf6+ Kxf6 29. R7e5 Rc5 30. Nf4 Rd7 31. h4 g5 32. hxg5+ hxg5 33. Nh5+ Kg6 34. Ng3 Rcxd5 35. Nxf5 Kf6 36. Rxd5 Rxd5 37. Nd4 b4 38. Re4 bxc3 39. bxc3 Ra5 40. Re8 Nf7 1-0

[Event "AUT-chT2S 9900"]
[Site "Austria"]
[Date "1999.11.21"]
[Round "4.4"]
[White "Mahdy, Khaled"]
[Black "Hanser, Michael"]
[Result "1-0"]
[WhiteElo "2332"]
[BlackElo "2180"]
[Annotator "Gabriele Ballarin"]
[PlyCount "73"]
[EventDate "1999.10.??"]
[EventType "team"]
[EventRounds "11"]
[EventCountry "AUT"]
[SourceTitle "EXT 2002"]
[Source "ChessBase"]
[SourceDate "2001.11.25"]
[SourceVersion "1"]
[SourceVersionDate "2001.11.25"]
[SourceQuality "1"]

1. e4 c5 2. Nf3 Nc6 3. Bb5 e6 4. Bxc6 bxc6 5. d3 Ne7 6. Ng5 h6 7. Nh3 Ng6 8. O-O d5 9. Nc3 Be7 10. f4 Nf8 11. Qf3 Nd7 12. Ne2 Qc7 13. Ng3 Bb7 14. f5 e5 15. c4 Nf6 16. Nh5 Nxh5 17. Qxh5 Bf6 18. Be3 Qe7 19. Rac1 d4 20. Bd2 a5 21. Rc2 Qd8 22. Nf2 Ke7 23. Ng4 Qd6 24. Rf3 Qc7 25. Rg3 Rag8 26. Nxf6 gxf6 27. Rxg8 Rxg8 28. Qxh6 Qd8 29. Qh4 Rg7 30. Qe1 a4 31. Ba5 Qh8 32. Bb6 Kd6 33. a3 Qh5 34. Bxc5+ Kd7 35. Rf2 Qg5 36. g3 Kc8 37. Bb6 1-0

[Event "AUT-chT2S 9900"]
[Site "Austria"]
[Date "1999.11.21"]
[Round "4.4"]
[White "Solinas, Carlo"]
[Black "Pichler, Peter"]
[Result "1-0"]
[WhiteElo "2087"]
[BlackElo "2205"]
[Annotator "Gabriele Ballarin"]
[PlyCount "63"]
[EventDate "1999.10.??"]
[EventType "team"]
[EventRounds "11"]
[EventCountry "AUT"]
[SourceTitle "EXT 2002"]
[Source "ChessBase"]
[SourceDate "2001.11.25"]
[SourceVersion "1"]
[SourceVersionDate "2001.11.25"]
[SourceQuality "1"]

1. e4 e6 2. d4 d5 3. Nc3 Bb4 4. e5 c5 5. a3 Bxc3+ 6. bxc3 Ne7 7. h4 Qa5 8. Bd2 Nbc6 9. h5 cxd4 10. cxd4 Qa4 11. Nf3 Nxd4 12. Bd3 h6 13. Kf1 Nxf3 14. Qxf3 Bd7 15. Rb1 Nc6 16. Qg3 O-O-O 17. Rb3 Qd4 18. Rc3 Kb8 19. Rh4 Qb6 20. Rb3 Qc5 21. Qxg7 Qe7 22. Qg3 Ka8 23. Rg4 Rdf8 24. Rg7 Qd8 25. Rb1 f5 26. exf6 Rxf6 27. Qd6 Bc8 28. Qxd8 Nxd8 29. Bc3 Rf7 30. Rxf7 Nxf7 31. Bg6 Rf8 32. Bb4 1-0

[Event "AUT-chT2S 9900"]
[Site "Austria"]
[Date "1999.11.21"]
[Round "4.4"]
[White "Sorg, Bernd"]
[Black "Egartner, Wolfgang"]
[Result "1/2-1/2"]
[WhiteElo "2216"]
[BlackElo "2141"]
[Annotator "Gabriele Ballarin"]
[PlyCount "69"]
[EventDate "1999.10.??"]
[EventType "team"]
[EventRounds "11"]
[EventCountry "AUT"]
[SourceTitle "EXT 2002"]
[Source "ChessBase"]
[SourceDate "2001.11.25"]
[SourceVersion "1"]
[SourceVersionDate "2001.11.25"]
[SourceQuality "1"]

1. Nf3 d5 2. g3 c5 3. Bg2 Nc6 4. d4 Nf6 5. c4 dxc4 6. Qa4 cxd4 7. Nxd4 Qxd4 8. Bxc6+ Bd7 9. Bxd7+ Qxd7 10. Qxc4 Rc8 11. Qf4 Nd5 12. Qd2 Qh3 13. Nc3 Nxc3 14. bxc3 e6 15. Qd3 Qg2 16. Qb5+ Rc6 17. Rf1 Bc5 18. Qxb7 O-O 19. Be3 Bxe3 20. fxe3 Qd5 21. Qxa7 Rxc3 22. a4 e5 23. Kf2 Qc4 24. Rad1 Rc2 25. Rfe1 h5 26. Qe7 Qxa4 27. Qxe5 g6 28. Qe7 Qb5 29. Rd4 Re8 30. Qf6 Qe5 31. Qf3 Rc3 32. Rd3 Re6 33. Kg2 Rf6 34. Qa8+ Kg7 35. Rxc3 1/2-1/2

[Event "AUT-chT2S 9900"]
[Site "Austria"]
[Date "1999.11.21"]
[Round "4.4"]
[White "Wegerer, Fred"]
[Black "Jahnel, Guenther"]
[Result "0-1"]
[WhiteElo "2196"]
[BlackElo "2255"]
[Annotator "Gabriele Ballarin"]
[PlyCount "118"]
[EventDate "1999.10.??"]
[EventType "team"]
[EventRounds "11"]
[EventCountry "AUT"]
[SourceTitle "EXT 2002"]
[Source "ChessBase"]
[SourceDate "2001.11.25"]
[SourceVersion "1"]
[SourceVersionDate "2001.11.25"]
[SourceQuality "1"]

1. Nf3 Nf6 2. e3 g6 3. b4 Bg7 4. Bb2 O-O 5. Be2 b6 6. c4 c5 7. b5 Bb7 8. O-O d5 9. cxd5 Bxd5 10. Nc3 Bb7 11. Qa4 a6 12. Qh4 axb5 13. Nxb5 Nbd7 14. Rfd1 Qc8 15. a4 Re8 16. d3 Nd5 17. Bxg7 Kxg7 18. e4 Nc7 19. Ng5 h6 20. Qf4 hxg5 21. Qxc7 Bc6 22. Qg3 Ra5 23. Qxg5 Nf6 24. Rdb1 Qb7 25. Nc3 Rc8 26. e5 Nh7 27. Qg3 Nf8 28. h4 Ne6 29. h5 Rh8 30. Bg4 Nd4 31. e6 f5 32. Bd1 Rh6 33. Ne2 Nxe6 34. Qe5+ Kf7 35. hxg6+ Rxg6 36. Qxf5+ Rf6 37. Qh7+ Ng7 38. Ng3 c4 39. Bh5+ Rxh5 40. Nxh5 Rg6 41. Nxg7 Rxg2+ 42. Kf1 Rxg7 43. Qf5+ Ke8 44. a5 cxd3 45. Rxb6 Qc7 46. Qh5+ Kf8 47. Ke1 Qf4 48. Qh8+ Kf7 49. Qxg7+ Kxg7 50. Rxc6 Qe5+ 51. Kd2 Qxa1 52. Kxd3 Qa4 53. Rc3 Qxa5 54. f3 Kh6 55. Kc2 Qa2+ 56. Kd3 Qb2 57. Rc4 e5 58. Re4 Qf2 59. Re3 Kg5 0-1

[Event "AUT-chT2S 9900"]
[Site "Austria"]
[Date "1999.11.21"]
[Round "4.5"]
[White "Benda, Herbert"]
[Black "Schnider, Gert"]
[Result "1-0"]
[WhiteElo "2210"]
[BlackElo "2165"]
[Annotator "Gabriele Ballarin"]
[PlyCount "55"]
[EventDate "1999.10.??"]
[EventType "team"]
[EventRounds "11"]
[EventCountry "AUT"]
[SourceTitle "EXT 2002"]
[Source "ChessBase"]
[SourceDate "2001.11.25"]
[SourceVersion "1"]
[SourceVersionDate "2001.11.25"]
[SourceQuality "1"]

1. e4 e5 2. Nf3 Nc6 3. d4 exd4 4. Nxd4 Qh4 5. Nb5 Bc5 6. Qf3 Nd4 7. Nxd4 Bxd4 8. c3 Bb6 9. Bc4 Nf6 10. Nd2 d6 11. a4 a5 12. h3 O-O 13. Be2 Bg4 14. Qf4 Nh5 15. Qxg4 Qxf2+ 16. Kd1 Ng3 17. Re1 f5 18. exf5 Rae8 19. Bc4+ Kh8 20. Rxe8 Rxe8 21. Qf3 Qe1+ 22. Kc2 c6 23. f6 d5 24. Bd3 Re3 25. fxg7+ Kxg7 26. Qg4+ Kf7 27. Nf3 Rxd3 28. Nxe1 1-0

[Event "AUT-chT2S 9900"]
[Site "Austria"]
[Date "1999.11.21"]
[Round "4.5"]
[White "Januschke, Markus"]
[Black "Gelbmann, Norbert"]
[Result "1-0"]
[WhiteElo "2210"]
[BlackElo "2268"]
[Annotator "Gabriele Ballarin"]
[PlyCount "41"]
[EventDate "1999.10.??"]
[EventType "team"]
[EventRounds "11"]
[EventCountry "AUT"]
[SourceTitle "EXT 2002"]
[Source "ChessBase"]
[SourceDate "2001.11.25"]
[SourceVersion "1"]
[SourceVersionDate "2001.11.25"]
[SourceQuality "1"]

1. e4 c5 2. Nf3 d6 3. d4 cxd4 4. Nxd4 Nf6 5. Nc3 a6 6. Bc4 e6 7. Bb3 b5 8. a3 Bb7 9. Qe2 d5 10. exd5 Be7 11. Ndxb5 axb5 12. Qxb5+ Qd7 13. dxe6 fxe6 14. Bxe6 Qc6 15. Be3 Ba6 16. Qxc6+ Nxc6 17. O-O-O Bc8 18. Ba2 Ng4 19. Bb6 Kf8 20. Nd5 Nb4 21. Nxb4 1-0

[Event "AUT-chT2S 9900"]
[Site "Austria"]
[Date "1999.11.21"]
[Round "4.5"]
[White "Pfeiffer, Gregor"]
[Black "Buchegger, Karl"]
[Result "1/2-1/2"]
[WhiteElo "2130"]
[BlackElo "2196"]
[Annotator "Gabriele Ballarin"]
[PlyCount "64"]
[EventDate "1999.10.??"]
[EventType "team"]
[EventRounds "11"]
[EventCountry "AUT"]
[SourceTitle "EXT 2002"]
[Source "ChessBase"]
[SourceDate "2001.11.25"]
[SourceVersion "1"]
[SourceVersionDate "2001.11.25"]
[SourceQuality "1"]

1. c4 f5 2. g3 Nf6 3. Bg2 e6 4. Nf3 c6 5. b3 d5 6. Bb2 Bd6 7. O-O O-O 8. d4 Ne4 9. Ne5 Nd7 10. Nxd7 Bxd7 11. f3 Nxg3 12. hxg3 Bxg3 13. f4 Qh4 14. Rf3 Rf6 15. Qd2 Rg6 16. Kf1 Qh2 17. Ba3 c5 18. Bxc5 Bc6 19. e3 dxc4 20. bxc4 b6 21. Be7 Be4 22. Qe2 Be1 23. Kxe1 Rxg2 24. Rf2 Qg1+ 25. Qf1 Bd3 26. Qxg1 Rxg1+ 27. Kd2 Rxb1 28. Rxb1 Bxb1 29. Kc3 Be4 30. Rd2 Rc8 31. Kb4 a6 32. a3 Bb7 1/2-1/2

[Event "AUT-chT2S 9900"]
[Site "Austria"]
[Date "1999.11.21"]
[Round "4.5"]
[White "Schroecker, Maria Luise"]
[Black "Feichter, Clemens"]
[Result "0-1"]
[WhiteElo "2095"]
[BlackElo "2170"]
[Annotator "Gabriele Ballarin"]
[PlyCount "124"]
[EventDate "1999.10.??"]
[EventType "team"]
[EventRounds "11"]
[EventCountry "AUT"]
[SourceTitle "EXT 2002"]
[Source "ChessBase"]
[SourceDate "2001.11.25"]
[SourceVersion "1"]
[SourceVersionDate "2001.11.25"]
[SourceQuality "1"]

1. d4 Nf6 2. Nf3 g6 3. c4 Bg7 4. Nc3 d5 5. Bg5 Ne4 6. cxd5 Nxg5 7. Nxg5 e6 8. Nf3 exd5 9. g3 O-O 10. Bg2 c6 11. O-O Re8 12. Qd2 Nd7 13. Rac1 Nf6 14. b4 Ne4 15. Qb2 Nd6 16. a3 Nc4 17. Qa2 Bh6 18. Rcd1 f5 19. Rfe1 Be6 20. a4 a6 21. a5 f4 22. Na4 fxg3 23. hxg3 Bf7 24. Nb2 Nxb2 25. Qxb2 Bg7 26. Rc1 Be6 27. Qd2 Bf5 28. Kh2 Qf6 29. Rcd1 Be4 30. Kg1 Rf8 31. Qg5 Qd6 32. Qd2 Rae8 33. Qc3 Qf6 34. Rf1 Qf5 35. Qd2 Qg4 36. Nh2 Qd7 37. Nf3 Re7 38. Qc3 Rfe8 39. Rfe1 Qf5 40. Nh4 Qg5 41. Qd2 Qh5 42. Nf3 Bh6 43. Qc3 Bg7 44. Rd2 g5 45. Qb2 Bf6 46. Nh2 Bxg2 47. Kxg2 g4 48. Rh1 Qf5 49. e3 Bg5 50. Qc2 Re4 51. Nf1 Qf3+ 52. Kg1 R8e6 53. Qd1 Qf5 54. Rb2 Rg6 55. Kg2 Bf6 56. Ra2 Be7 57. Rb2 Ree6 58. Nd2 Ref6 59. Qe2 Rh6 60. Rbb1 Rxh1 61. Rxh1 Bxb4 62. Nb3 Qe4+ 0-1

[Event "AUT-chT2S 9900"]
[Site "Austria"]
[Date "1999.11.21"]
[Round "4.5"]
[White "Waldmann, Gerald"]
[Black "Kwatschewsky, Leo"]
[Result "1/2-1/2"]
[WhiteElo "2155"]
[BlackElo "2307"]
[Annotator "Gabriele Ballarin"]
[PlyCount "45"]
[EventDate "1999.10.??"]
[EventType "team"]
[EventRounds "11"]
[EventCountry "AUT"]
[SourceTitle "EXT 2002"]
[Source "ChessBase"]
[SourceDate "2001.11.25"]
[SourceVersion "1"]
[SourceVersionDate "2001.11.25"]
[SourceQuality "1"]

1. e4 c5 2. Nf3 d6 3. d4 cxd4 4. Qxd4 Nc6 5. Bb5 Bd7 6. Bxc6 Bxc6 7. Nc3 Nf6 8. Bg5 e6 9. O-O-O Be7 10. Rhe1 Qc7 11. Qd2 Rd8 12. Nd4 O-O 13. f3 Rc8 14. Kb1 Rfd8 15. g4 a6 16. h4 b5 17. Nce2 e5 18. Nxc6 Qxc6 19. Bxf6 Bxf6 20. g5 Be7 21. Nc3 Re8 22. Nd5 Bd8 23. h5 1/2-1/2

[Event "AUT-chT2S 9900"]
[Site "Austria"]
[Date "2000.01.22"]
[Round "5.1"]
[White "Pichler, Peter"]
[Black "Kleiser, Gregor"]
[Result "1-0"]
[WhiteElo "2205"]
[BlackElo "2157"]
[Annotator "Gabriele Ballarin"]
[PlyCount "72"]
[EventDate "1999.10.??"]
[EventType "team"]
[EventRounds "11"]
[EventCountry "AUT"]
[SourceTitle "EXT 2002"]
[Source "ChessBase"]
[SourceDate "2001.11.25"]
[SourceVersion "1"]
[SourceVersionDate "2001.11.25"]
[SourceQuality "1"]

1. d4 Nf6 2. c4 Nc6 3. Nf3 e6 4. Bg5 Bb4+ 5. Nc3 h6 6. Bh4 O-O 7. e3 Re8 8. Ne5 Be7 9. f4 Nh7 10. Bxe7 Nxe7 11. Qh5 Rf8 12. Bd3 Nf6 13. Qe2 d6 14. Nf3 b6 15. e4 e5 16. dxe5 dxe5 17. Nxe5 Ng4 18. Nf3 Ng6 19. g3 Nf6 20. f5 Ne7 21. O-O-O Bb7 22. e5 Nd7 23. f6 Ng6 24. Bxg6 fxg6 25. Rhf1 Qe8 26. fxg7 Kxg7 27. Nd5 Bxd5 28. cxd5 Rf5 29. e6 Nc5 30. Nh4 Rg5 31. Rf7+ Kg8 32. Qc2 Nxe6 33. dxe6 Rc5 34. Qxc5 bxc5 35. Rdd7 Qxf7 36. exf7+ Kg7 1-0

[Event "AUT-chT2S 9900"]
[Site "Austria"]
[Date "2000.01.22"]
[Round "5.1"]
[White "Postl, Anton"]
[Black "Rogulj, Branko"]
[Result "1/2-1/2"]
[WhiteElo "2303"]
[BlackElo "2427"]
[Annotator "Gabriele Ballarin"]
[PlyCount "66"]
[EventDate "1999.10.??"]
[EventType "team"]
[EventRounds "11"]
[EventCountry "AUT"]
[SourceTitle "EXT 2002"]
[Source "ChessBase"]
[SourceDate "2001.11.25"]
[SourceVersion "1"]
[SourceVersionDate "2001.11.25"]
[SourceQuality "1"]

1. d4 Nf6 2. c4 g6 3. Nf3 Bg7 4. g3 O-O 5. Bg2 d5 6. O-O dxc4 7. Na3 Nc6 8. Nxc4 Be6 9. b3 Bd5 10. Bb2 a5 11. a4 Nb4 12. Nfe5 Bxg2 13. Kxg2 Nd7 14. Nd3 Nxd3 15. Qxd3 c6 16. Rfd1 Nb6 17. Ba3 Re8 18. e4 Qc7 19. Rac1 Red8 20. Qe3 Nxc4 21. bxc4 e6 22. e5 Bf8 23. Bxf8 Kxf8 24. d5 c5 25. Rb1 exd5 26. cxd5 Re8 27. f4 Rab8 28. Rb5 b6 29. Qe4 Qb7 30. Kf3 Qe7 31. Kg2 Qb7 32. Kf3 Qe7 33. Kg2 Qb7 1/2-1/2

[Event "AUT-chT2S 9900"]
[Site "Austria"]
[Date "2000.01.22"]
[Round "5.1"]
[White "Sorg, Bernd"]
[Black "Arwanitakis, Michael"]
[Result "1/2-1/2"]
[WhiteElo "2216"]
[BlackElo "2155"]
[Annotator "Gabriele Ballarin"]
[PlyCount "154"]
[EventDate "1999.10.??"]
[EventType "team"]
[EventRounds "11"]
[EventCountry "AUT"]
[SourceTitle "EXT 2002"]
[Source "ChessBase"]
[SourceDate "2001.11.25"]
[SourceVersion "1"]
[SourceVersionDate "2001.11.25"]
[SourceQuality "1"]

1. d4 Nf6 2. Nf3 g6 3. g3 Bg7 4. Bg2 O-O 5. O-O d6 6. c4 Nc6 7. Nc3 e5 8. dxe5 Nxe5 9. Qb3 Nfd7 10. Nxe5 Nxe5 11. Rd1 Be6 12. Qxb7 Rb8 13. Qxa7 Nxc4 14. Nd5 Nxb2 15. Bxb2 Rxb2 16. e4 Bxd5 17. exd5 Qa8 18. Qxa8 Rxa8 19. a3 Ra4 20. Rab1 Rxa3 21. Rxb2 Bxb2 22. Rd2 Bc3 23. Rc2 g5 24. Be4 g4 25. Bf5 h5 26. Kg2 Ba5 27. h3 Ra4 28. hxg4 hxg4 29. Bd7 Rd4 30. Bc6 Kg7 31. Ra2 Bb4 32. Re2 Bc5 33. Kf1 Kf6 34. Kg2 Bb6 35. Ra2 Kg5 36. Re2 Rd3 37. Kf1 Rd1+ 38. Kg2 Rd3 39. Kf1 Rd1+ 40. Re1 Rd2 41. Re2 Rd4 42. Re8 Kf6 43. Re2 Ba5 44. Kg2 Bc3 45. Re3 Bb4 46. Re2 Ba5 47. Ra2 Bb4 48. Re2 Bc5 49. Kf1 Bb6 50. Kg2 Kf5 51. Re7 f6 52. Kf1 Kg6 53. Be8+ Kh6 54. Bc6 f5 55. Re6+ Kg7 56. Re7+ Kf6 57. Re6+ Kf7 58. Re2 f4 59. gxf4 Rxf4 60. Kg2 Bd4 61. Be8+ Kf6 62. Bd7 Kg5 63. Bc6 Rf5 64. Rd2 Bc5 65. Re2 Rf3 66. Bd7 Kf4 67. Rc2 Bd4 68. Rd2 Bc5 69. Rc2 Rd3 70. Be6 Rd4 71. Re2 Ba7 72. Bg8 Bb6 73. Re8 Rd2 74. Rf8+ Ke5 75. Kg3 Ke4 76. Be6 Bd4 77. Rf7 Ke5 1/2-1/2